000 00581nam a2200229Ia 4500
003 OSt
005 20221005114020.0
006 a|||||r|||| 00| 0
007 ta
008 221004b |||||||| |||| 00| 0 mal d
024 _a61614
037 _cTextual
040 _aCRL
_cCRL
_bmal
041 _2mal
_amal
082 _aV73:1.N5, 32J7
100 _aEscher Tr.
_9625324
245 0 _aAmerican ikyanatukalude samkshipta charitram
260 _c1957
650 _aHISTORY
942 _hV73:1.N5, 32J7
_cTEXL
_2cc
999 _c1030018
_d1030018